<?xml version="1.0" encoding="UTF-8"?>
<record
    xmlns:xsi="http://www.w3.org/2001/XMLSchema-instance"
    xsi:schemaLocation="http://www.loc.gov/MARC21/slim http://www.loc.gov/standards/marcxml/schema/MARC21slim.xsd"
    xmlns="http://www.loc.gov/MARC21/slim">

  <leader>00646nam a22001817a 4500</leader>
  <controlfield tag="003">BD-DhUL</controlfield>
  <controlfield tag="005">20160824200040.0</controlfield>
  <controlfield tag="008">160824s1981    b  ||||| |||| 00| 0 eng d</controlfield>
  <datafield tag="040" ind1=" " ind2=" ">
    <subfield code="c">BD-DhUL</subfield>
    <subfield code="d">BD-DhUL</subfield>
  </datafield>
  <datafield tag="082" ind1=" " ind2=" ">
    <subfield code="a">907.2</subfield>
    <subfield code="b">MAE</subfield>
  </datafield>
  <datafield tag="100" ind1=" " ind2=" ">
    <subfield code="a">&#x9AE;&#x9AE;&#x9A4;&#x9BE;&#x99C;&#x9C1;&#x9B0; &#x9B0;&#x9B9;&#x9AE;&#x9BE;&#x9A8; &#x9A4;&#x9B0;&#x9AB;&#x9A6;&#x9BE;&#x9B0;</subfield>
  </datafield>
  <datafield tag="245" ind1="1" ind2="0">
    <subfield code="a">&#x987;&#x9A4;&#x9BF;&#x9B9;&#x9BE;&#x9B8; &#x993; &#x990;&#x9A4;&#x9BF;&#x9B9;&#x9BE;&#x9B8;&#x9BF;&#x995; /</subfield>
    <subfield code="c">&#x9AE;&#x9AE;&#x9A4;&#x9BE;&#x99C;&#x9C1;&#x9B0; &#x9B0;&#x9B9;&#x9AE;&#x9BE;&#x9A8; &#x9A4;&#x9B0;&#x9AB;&#x9A6;&#x9BE;&#x9B0;</subfield>
  </datafield>
  <datafield tag="260" ind1=" " ind2=" ">
    <subfield code="a">&#x9A2;&#x9BE;&#x995;&#x9BE; : </subfield>
    <subfield code="b">&#x9AC;&#x9BE;&#x982;&#x9B2;&#x9BE; &#x98F;&#x995;&#x9BE;&#x9A1;&#x9C7;&#x9AE;&#x9C0;,</subfield>
    <subfield code="c">&#x9E7;&#x9EF;&#x9EE;&#x9E7;.</subfield>
  </datafield>
  <datafield tag="300" ind1=" " ind2=" ">
    <subfield code="a">&#x9E7;&#x9EA;&#x9EA; &#x9AA;&#x9C3;. ;</subfield>
    <subfield code="c">&#x9E8;&#x9E7; &#x9B8;&#x9C7;. &#x9AE;&#x9BF;.</subfield>
  </datafield>
  <datafield tag="650" ind1=" " ind2="0">
    <subfield code="a">&#x987;&#x9A4;&#x9BF;&#x9B9;&#x9BE;&#x9B8;</subfield>
  </datafield>
  <datafield tag="650" ind1=" " ind2="0">
    <subfield code="a">History</subfield>
  </datafield>
  <datafield tag="942" ind1=" " ind2=" ">
    <subfield code="2">ddc</subfield>
    <subfield code="c">BK</subfield>
  </datafield>
  <datafield tag="999" ind1=" " ind2=" ">
    <subfield code="c">101624</subfield>
    <subfield code="d">101624</subfield>
  </datafield>
  <datafield tag="952" ind1=" " ind2=" ">
    <subfield code="0">0</subfield>
    <subfield code="1">0</subfield>
    <subfield code="2">ddc</subfield>
    <subfield code="4">0</subfield>
    <subfield code="6">907_200000000000000_MAE</subfield>
    <subfield code="7">0</subfield>
    <subfield code="8">NFIC</subfield>
    <subfield code="9">171792</subfield>
    <subfield code="a">DUL</subfield>
    <subfield code="b">DUL</subfield>
    <subfield code="c">GEN</subfield>
    <subfield code="d">2016-08-24</subfield>
    <subfield code="e">purchase</subfield>
    <subfield code="o">907.2 MAE</subfield>
    <subfield code="p">A203742</subfield>
    <subfield code="r">2016-08-24</subfield>
    <subfield code="t">1</subfield>
    <subfield code="w">2016-08-24</subfield>
    <subfield code="y">BK</subfield>
  </datafield>
  <datafield tag="952" ind1=" " ind2=" ">
    <subfield code="0">0</subfield>
    <subfield code="1">0</subfield>
    <subfield code="2">ddc</subfield>
    <subfield code="4">0</subfield>
    <subfield code="6">907_200000000000000_MAE</subfield>
    <subfield code="7">0</subfield>
    <subfield code="8">NFIC</subfield>
    <subfield code="9">171793</subfield>
    <subfield code="a">DUL</subfield>
    <subfield code="b">DUL</subfield>
    <subfield code="c">GEN</subfield>
    <subfield code="d">2016-08-24</subfield>
    <subfield code="e">purchase</subfield>
    <subfield code="o">907.2 MAE</subfield>
    <subfield code="p">A203743</subfield>
    <subfield code="r">2016-08-24</subfield>
    <subfield code="t">2</subfield>
    <subfield code="w">2016-08-24</subfield>
    <subfield code="y">BK</subfield>
  </datafield>
  <datafield tag="952" ind1=" " ind2=" ">
    <subfield code="0">0</subfield>
    <subfield code="1">0</subfield>
    <subfield code="2">ddc</subfield>
    <subfield code="4">0</subfield>
    <subfield code="6">907_200000000000000_MAE</subfield>
    <subfield code="7">0</subfield>
    <subfield code="8">NFIC</subfield>
    <subfield code="9">172842</subfield>
    <subfield code="a">DUL</subfield>
    <subfield code="b">DUL</subfield>
    <subfield code="c">GEN</subfield>
    <subfield code="d">2016-08-28</subfield>
    <subfield code="e">Purchased</subfield>
    <subfield code="o">907.2 MAE</subfield>
    <subfield code="p">A203750</subfield>
    <subfield code="r">2016-08-28</subfield>
    <subfield code="t">9</subfield>
    <subfield code="w">2016-08-28</subfield>
    <subfield code="y">BK</subfield>
  </datafield>
  <datafield tag="952" ind1=" " ind2=" ">
    <subfield code="0">0</subfield>
    <subfield code="1">0</subfield>
    <subfield code="2">ddc</subfield>
    <subfield code="4">0</subfield>
    <subfield code="6">907_200000000000000_MAE</subfield>
    <subfield code="7">0</subfield>
    <subfield code="8">NFIC</subfield>
    <subfield code="9">172844</subfield>
    <subfield code="a">DUL</subfield>
    <subfield code="b">DUL</subfield>
    <subfield code="c">GEN</subfield>
    <subfield code="d">2016-08-28</subfield>
    <subfield code="e">Purchased</subfield>
    <subfield code="o">907.2 MAE</subfield>
    <subfield code="p">A203749</subfield>
    <subfield code="r">2016-08-28</subfield>
    <subfield code="t">8</subfield>
    <subfield code="w">2016-08-28</subfield>
    <subfield code="y">BK</subfield>
  </datafield>
  <datafield tag="952" ind1=" " ind2=" ">
    <subfield code="0">0</subfield>
    <subfield code="1">0</subfield>
    <subfield code="2">ddc</subfield>
    <subfield code="4">0</subfield>
    <subfield code="6">907_200000000000000_MAE</subfield>
    <subfield code="7">0</subfield>
    <subfield code="8">NFIC</subfield>
    <subfield code="9">173496</subfield>
    <subfield code="a">DUL</subfield>
    <subfield code="b">DUL</subfield>
    <subfield code="c">GEN</subfield>
    <subfield code="d">2000-06-11</subfield>
    <subfield code="e">Purchased</subfield>
    <subfield code="o">907.2 MAE</subfield>
    <subfield code="p">390127</subfield>
    <subfield code="r">2016-08-29</subfield>
    <subfield code="t">14</subfield>
    <subfield code="w">2016-08-29</subfield>
    <subfield code="y">BK</subfield>
  </datafield>
  <datafield tag="952" ind1=" " ind2=" ">
    <subfield code="0">0</subfield>
    <subfield code="1">0</subfield>
    <subfield code="2">ddc</subfield>
    <subfield code="4">0</subfield>
    <subfield code="6">907_200000000000000_MAE</subfield>
    <subfield code="7">0</subfield>
    <subfield code="8">NFIC</subfield>
    <subfield code="9">173500</subfield>
    <subfield code="a">DUL</subfield>
    <subfield code="b">DUL</subfield>
    <subfield code="c">GEN</subfield>
    <subfield code="d">2000-06-11</subfield>
    <subfield code="e">Purchased</subfield>
    <subfield code="o">907.2 MAE</subfield>
    <subfield code="p">409260</subfield>
    <subfield code="r">2016-08-29</subfield>
    <subfield code="t">17</subfield>
    <subfield code="w">2016-08-29</subfield>
    <subfield code="y">BK</subfield>
  </datafield>
  <datafield tag="952" ind1=" " ind2=" ">
    <subfield code="0">0</subfield>
    <subfield code="1">0</subfield>
    <subfield code="2">ddc</subfield>
    <subfield code="4">0</subfield>
    <subfield code="6">907_200000000000000_MAE</subfield>
    <subfield code="7">0</subfield>
    <subfield code="8">NFIC</subfield>
    <subfield code="9">173502</subfield>
    <subfield code="a">DUL</subfield>
    <subfield code="b">DUL</subfield>
    <subfield code="c">GEN</subfield>
    <subfield code="d">2000-06-11</subfield>
    <subfield code="e">Purchased</subfield>
    <subfield code="o">907.2 MAE</subfield>
    <subfield code="p">414998</subfield>
    <subfield code="r">2016-08-29</subfield>
    <subfield code="t">20</subfield>
    <subfield code="w">2016-08-29</subfield>
    <subfield code="y">BK</subfield>
  </datafield>
  <datafield tag="952" ind1=" " ind2=" ">
    <subfield code="0">0</subfield>
    <subfield code="1">0</subfield>
    <subfield code="2">ddc</subfield>
    <subfield code="4">0</subfield>
    <subfield code="6">907_200000000000000_MAE</subfield>
    <subfield code="7">0</subfield>
    <subfield code="8">NFIC</subfield>
    <subfield code="9">173503</subfield>
    <subfield code="a">DUL</subfield>
    <subfield code="b">DUL</subfield>
    <subfield code="c">GEN</subfield>
    <subfield code="d">2000-06-11</subfield>
    <subfield code="e">Purchased</subfield>
    <subfield code="o">907.2 MAE</subfield>
    <subfield code="p">409261</subfield>
    <subfield code="r">2016-08-29</subfield>
    <subfield code="t">18</subfield>
    <subfield code="w">2016-08-29</subfield>
    <subfield code="y">BK</subfield>
  </datafield>
  <datafield tag="952" ind1=" " ind2=" ">
    <subfield code="0">0</subfield>
    <subfield code="1">0</subfield>
    <subfield code="2">ddc</subfield>
    <subfield code="4">0</subfield>
    <subfield code="6">907_200000000000000_MAE</subfield>
    <subfield code="7">0</subfield>
    <subfield code="8">NFIC</subfield>
    <subfield code="9">173506</subfield>
    <subfield code="a">DUL</subfield>
    <subfield code="b">DUL</subfield>
    <subfield code="c">GEN</subfield>
    <subfield code="d">2000-06-11</subfield>
    <subfield code="e">Purchased</subfield>
    <subfield code="o">907.2 MAE</subfield>
    <subfield code="p">414997</subfield>
    <subfield code="r">2016-08-29</subfield>
    <subfield code="t">19</subfield>
    <subfield code="w">2016-08-29</subfield>
    <subfield code="y">BK</subfield>
  </datafield>
  <datafield tag="952" ind1=" " ind2=" ">
    <subfield code="0">0</subfield>
    <subfield code="1">0</subfield>
    <subfield code="2">ddc</subfield>
    <subfield code="4">0</subfield>
    <subfield code="6">907_200000000000000_MAE</subfield>
    <subfield code="7">0</subfield>
    <subfield code="8">NFIC</subfield>
    <subfield code="9">173623</subfield>
    <subfield code="a">DUL</subfield>
    <subfield code="b">DUL</subfield>
    <subfield code="c">GEN</subfield>
    <subfield code="d">2016-08-29</subfield>
    <subfield code="e">Purchased</subfield>
    <subfield code="o">907.2 MAE</subfield>
    <subfield code="p">A203751</subfield>
    <subfield code="r">2016-08-29</subfield>
    <subfield code="t">10</subfield>
    <subfield code="w">2016-08-29</subfield>
    <subfield code="y">BK</subfield>
  </datafield>
  <datafield tag="952" ind1=" " ind2=" ">
    <subfield code="0">0</subfield>
    <subfield code="1">0</subfield>
    <subfield code="2">ddc</subfield>
    <subfield code="4">0</subfield>
    <subfield code="6">907_200000000000000_MAE</subfield>
    <subfield code="7">0</subfield>
    <subfield code="8">NFIC</subfield>
    <subfield code="9">173650</subfield>
    <subfield code="a">DUL</subfield>
    <subfield code="b">DUL</subfield>
    <subfield code="c">GEN</subfield>
    <subfield code="d">2016-08-29</subfield>
    <subfield code="e">Purchased</subfield>
    <subfield code="o">907.2 MAE</subfield>
    <subfield code="p">A203748</subfield>
    <subfield code="r">2016-08-29</subfield>
    <subfield code="w">2016-08-29</subfield>
    <subfield code="y">BK</subfield>
  </datafield>
  <datafield tag="952" ind1=" " ind2=" ">
    <subfield code="0">0</subfield>
    <subfield code="1">0</subfield>
    <subfield code="2">ddc</subfield>
    <subfield code="4">0</subfield>
    <subfield code="6">907_200000000000000_MAE</subfield>
    <subfield code="7">0</subfield>
    <subfield code="8">NFIC</subfield>
    <subfield code="9">173849</subfield>
    <subfield code="a">DUL</subfield>
    <subfield code="b">DUL</subfield>
    <subfield code="c">GEN</subfield>
    <subfield code="d">2016-08-29</subfield>
    <subfield code="e">Purchased</subfield>
    <subfield code="o">907.2 MAE</subfield>
    <subfield code="p">409258</subfield>
    <subfield code="r">2016-08-29</subfield>
    <subfield code="t">15</subfield>
    <subfield code="w">2016-08-29</subfield>
    <subfield code="y">BK</subfield>
  </datafield>
</record>
